000
00310nam a22001337a 4500
008
171014b xxu||||| |||| 00| 0 eng d
020
_a
9780891060871
041
_a
eng
080
_a
331
100
_a
52
101
_a
331
245
_a
BUILDING A CAREER DEVELOPMENT PROGRAM
_c
KNOWDELL, R.L
942
_2
udc
_c
BK
999
_c
33944
_d
33944